The lion king [DVD/videorecording] / Walt Disney ... Read More
Available copies
- 1 of 1 copy available at LARL/NWRL Consortium. (Show)
- 1 of 1 copy available at Northwest Regional Library.
Current holds
0 current holds with 1 total copy.
View other formats and editions
Show Only Available Copies
| Location | Call Number / Copy Notes | Barcode | Shelving Location | Status | Due Date |
|---|---|---|---|---|---|
| Roseau Public Library | DVD j LIO (Text) | 35500006372450 | Main | Available | - |
Record details
- Physical Description: 1 videodisc (ca. 88 min.) : sd., col. ; 4 3/4 in.
- Edition: DVD ed., widescreen presentation.
- Publisher: [Burbank, Calif.] : Walt Disney Studios Home Entertainment : 2011.
Content descriptions
| General Note: | Originally released as a motion picture in 1994. Bonus features: The Lion King: a memoir to Don Hahn ; Learn how to take your favorite movies on the ... Read More |
| Creation/Production Credits Note: | Art direction, Andy Gaskill ; production design, ... Read More |
| Participant or Performer Note: | Voices: Jonathan Taylor Thomas (Young Simba), ... Read More |
| Summary, etc.: | "Embark on an extraordinary coming-of-age ... Read More |
| Target Audience Note: | MPAA rating: G. |
| System Details Note: | DVD, region 1, widescreen (1.78:1) presentation ; ... Read More |
| Language Note: | English, French or Spanish dialogue, optional ... Read More |
Search for related items by subject
| Subject: | Lion > Juvenile films. Fathers and sons > Juvenile films. |
| Genre: | Children's films. Animated films. |
| LDR | 03915cgm a2200733Ia 4500 | ||
|---|---|---|---|
| 001 | 160273 | ||
| 003 | LARL_NWRL_CONSORTIUM | ||
| 005 | 20111114094734.0 | ||
| 007 | vd cvaizq | ||
| 008 | 110801p20111994cau088 j vaeng d | ||
| 024 | 1 | 0. | ‡a786936812428 |
| 028 | 4 | 2. | ‡a10666600 ‡bWalt Disney Studios Home Entertainment |
| 028 | 4 | 2. | ‡a106666 ‡bWalt Disney Studios Home Entertainment |
| 035 | . | ‡a(OCoLC)743935416 | |
| 037 | . | ‡bMidwest Tape ‡nhttp://www.midwesttapes.com | |
| 040 | . | ‡aTEFMT ‡cTEFMT ‡dTEF ‡dCGL ‡dJO6 ‡dORX ‡dGZD | |
| 041 | 1 | . | ‡aeng ‡afre ‡aspa ‡jeng ‡jfre ‡jspa ‡heng |
| 049 | . | ‡aNRG | |
| 082 | 0 | 4. | ‡a791.43/72 ‡223 |
| 245 | 0 | 4. | ‡aThe lion king ‡h[DVD/videorecording] / ‡cWalt Disney Pictures presents ; directed by Roger Allers and Rob Minkoff ; produced by Don Hahn ; screenplay by Irene Mecchi and Jonathan Roberts and Linda Woolverton ; songs by Tim Rice and Elton John ; original score composed and arranged by Hans Zimmer. |
| 246 | 1 | . | ‡iAt head of title: ‡aDisney. |
| 250 | . | ‡aDVD ed., widescreen presentation. | |
| 260 | . | ‡a[Burbank, Calif.] : ‡bWalt Disney Studios Home Entertainment : ‡bDistributed by Buena Vista Home Entertainment, ‡c2011. | |
| 300 | . | ‡a1 videodisc (ca. 88 min.) : ‡bsd., col. ; ‡c4 3/4 in. | |
| 538 | . | ‡aDVD, region 1, widescreen (1.78:1) presentation ; 5.1 Disney enhanced home theater mix. | |
| 546 | . | ‡aEnglish, French or Spanish dialogue, optional French or Spanish subtitles ; English subtitles for the deaf and hard of hearing (SDH) | |
| 521 | 8 | . | ‡aMPAA rating: G. |
| 500 | . | ‡aOriginally released as a motion picture in 1994. | |
| 511 | 1 | . | ‡aVoices: Jonathan Taylor Thomas (Young Simba), Matthew Broderick (Adult Simba), James Earl Jones (Mufasa), Jeremy Irons (Scar), Moira Kelly (Adult Nala), Niketa Calame (Young Nala), Ernie Sabella (Pumbaa), Nathan Lane (Timon), Robert Guillaume (Rafiki), Rowan Atkinson (Zazu), Madge Sinclair (Sarabi), Whoopi Goldberg (Shenzi), Cheech Marin (Banzai), Jim Cummings (Ed). |
| 508 | . | ‡aArt direction, Andy Gaskill ; production design, Chris Sanders ; artistic coordinator, Randy Fullmer ; supervising editors, Tom Finan and John Carnochan ; artistic supervisors, Brenda Chapman, Dan St. Pierre, Doug Ball, Vera Lanpher, Scott Santoro, Scott F. Johnston. | |
| 520 | . | ‡a"Embark on an extraordinary coming-of-age adventure as Simba, a lion cub who cannot wait to be king, searches for his destiny in the great 'Circle of Life'"--Container. | |
| 500 | . | ‡aBonus features: The Lion King: a memoir to Don Hahn ; Learn how to take your favorite movies on the go ; Discover Blu-ray 3D with Timon & Pumbaa. | |
| 650 | 0. | ‡aLion ‡vJuvenile films. | |
| 650 | 0. | ‡aFathers and sons ‡vJuvenile films. | |
| 655 | 7. | ‡aChildren's films. ‡2lcgft. ‡0(LARL_NWRL_CONSORTIUM)175624 | |
| 655 | 7. | ‡aAnimated films. ‡2lcgft. ‡0(LARL_NWRL_CONSORTIUM)175704 | |
| 700 | 1 | . | ‡aMinkoff, Rob. ‡0(LARL_NWRL_CONSORTIUM)117031 |
| 700 | 1 | . | ‡aMecchi, Irene. ‡0(LARL_NWRL_CONSORTIUM)103842 |
| 700 | 1 | . | ‡aRoberts, Jonathan, ‡d1956- ‡0(LARL_NWRL_CONSORTIUM)74958 |
| 700 | 1 | . | ‡aJones, James Earl. ‡0(LARL_NWRL_CONSORTIUM)78696 |
| 700 | 1 | . | ‡aBroderick, Matthew, ‡d1962- ‡0(LARL_NWRL_CONSORTIUM)102665 |
| 700 | 1 | . | ‡aWoolverton, Linda. ‡0(LARL_NWRL_CONSORTIUM)86940 |
| 700 | 1 | . | ‡aAtkinson, Rowan. ‡0(LARL_NWRL_CONSORTIUM)78720 |
| 700 | 1 | . | ‡aIrons, Jeremy, ‡d1948- ‡0(LARL_NWRL_CONSORTIUM)97551 |
| 700 | 1 | . | ‡aLane, Nathan, ‡d1956- ‡0(LARL_NWRL_CONSORTIUM)120624 |
| 700 | 1 | . | ‡aGuillaume, Robert. ‡0(LARL_NWRL_CONSORTIUM)95427 |
| 700 | 1 | . | ‡aGoldberg, Whoopi, ‡d1950- ‡0(LARL_NWRL_CONSORTIUM)84667 |
| 700 | 1 | . | ‡aAllers, Roger. ‡0(LARL_NWRL_CONSORTIUM)143994 |
| 700 | 1 | . | ‡aHahn, Don. ‡4pro. ‡0(LARL_NWRL_CONSORTIUM)119330 |
| 700 | 1 | . | ‡aRice, Tim, ‡d1944- ‡4lyr. ‡0(LARL_NWRL_CONSORTIUM)69419 |
| 700 | 1 | . | ‡aJohn, Elton. ‡4cmp. ‡0(LARL_NWRL_CONSORTIUM)62730 |
| 700 | 1 | . | ‡aZimmer, Hans. ‡4cmp. ‡0(LARL_NWRL_CONSORTIUM)106882 |
| 700 | 1 | . | ‡aThomas, Jonathan Taylor. ‡4act. ‡0(LARL_NWRL_CONSORTIUM)140098 |
| 700 | 1 | . | ‡aKelly, Moira. ‡4act. ‡0(LARL_NWRL_CONSORTIUM)140593 |
| 700 | 1 | . | ‡aCalame, Niketa. ‡4act. |
| 700 | 1 | . | ‡aSabella, Ernie. ‡4act. ‡0(LARL_NWRL_CONSORTIUM)146386 |
| 700 | 1 | . | ‡aSinclair, Madge. ‡4act. ‡0(LARL_NWRL_CONSORTIUM)80815 |
| 700 | 1 | . | ‡aMarin, Cheech. ‡4act. ‡0(LARL_NWRL_CONSORTIUM)99709 |
| 700 | 1 | . | ‡aCummings, Jim, ‡d1953- ‡4act ‡4voc. ‡0(LARL_NWRL_CONSORTIUM)137312 |
| 710 | 2 | . | ‡aWalt Disney Pictures. ‡0(LARL_NWRL_CONSORTIUM)81178 |
| 710 | 2 | . | ‡aWalt Disney Studios Home Entertainment (Firm) ‡0(LARL_NWRL_CONSORTIUM)215984 |
| 710 | 2 | . | ‡aBuena Vista Home Entertainment (Firm) ‡0(LARL_NWRL_CONSORTIUM)144325 |
| 901 | . | ‡a160273 ‡bSystem ‡c160273 ‡tbiblio | |

Add to basket
Permalink
Enable Highlighting